000 00295nam a22001337a 4500
008 170620b xxu||||| |||| 00| 0 eng d
020 _a9780801473524
041 _aeng
080 _a32
100 _a20
101 _aSHP
245 _aHOW RUSSIA REALLY WORKS
_cLEDENEVA, A.V
942 _2udc
_cBK
999 _c18329
_d18329